[Event "AUT-ch U08"]
[Site "St Kanzian"]
[Date "2017.06.16"]
[Round "1.6"]
[White "Kienboeck, Samuel"]
[Black "Pucher, Niclas"]
[Result "1-0"]
[WhiteElo "1018"]
[BlackElo "800"]
[PlyCount "39"]
[EventDate "2017.06.16"]
[EventType "swiss"]
[EventRounds "7"]
[EventCountry "AUT"]
[SourceTitle "EXT 2024"]
[Source "ChessBase"]
[SourceDate "2023.10.10"]
[SourceVersion "1"]
[SourceVersionDate "2023.10.10"]
[SourceQuality "1"]

1. e4 g6 2. Nf3 Bg7 3. Nc3 Nf6 4. d4 d6 5. Bf4 0-0 6. Bc4 Bg4 7. 0-0 Bxf3 8. Qxf3 Nc6 9. Rfd1 Nxd4 10. Rxd4 e5 11. Bxe5 dxe5 12. Rxd8 Raxd8 13. Rd1 Rxd1+ 14. Qxd1 Nxe4 15. Nxe4 b6 16. Ng5 Bh6 17. Bxf7+ Kh8 18. Qe2 Bxg5 19. Qxe5+ Bf6 20. Qxf6# 1-0